Normal view
MARC view
Entry Personal Name
001 - CONTROL NUMBER
- control field: 547961
003 - CONTROL NUMBER IDENTIFIER
- control field: OSt
005 - DATE AND TIME OF LATEST TRANSACTION
- control field: 20220930092136.0
008 - FIXED-LENGTH DATA ELEMENTS
- fixed length control field: 220930|| aca||aabn | a|a d
040 ## - CATALOGING SOURCE
- Original cataloging agency: OSt
- Transcribing agency: OSt
100 ## - HEADING--PERSONAL NAME
- Personal name: Basu Srikanta Gu
670 ## - SOURCE DATA FOUND
- Source citation: Work cat.: (OSt)883300: Chakraborty Abhishek 547960, Morbidity pattern and user satisfaction among the adolescents admitted in general pediatrics ward, 2013
